| 000 | 00605nam a2200217Ia 4500 | ||
|---|---|---|---|
| 005 | 20241129111112.0 | ||
| 008 | 241129s9999||||xx |||||||||||||| ||und|| | ||
| 020 | _a978-81-956689-1-5 | ||
| 037 | _aTB | ||
| 040 |
_aCRL _beng _cCRL |
||
| 041 |
_aeng _2eng |
||
| 084 |
_aNA4,C R3 _qCRL |
||
| 100 |
_aLama G. K. Au. _937756 |
||
| 245 | 0 |
_aGlimpses of asian art heritage _cLama G. K. Au. |
|
| 260 |
_aDelhi, India _bB. R. Publishing Corporation _c2023 |
||
| 300 | _axvi,288p. | ||
| 365 |
_aINR _b4500 |
||
| 650 | _aArchitectureFine Arts | ||
| 942 |
_cTB _hNA4,C R3 |
||
| 999 |
_c1228935 _d1228935 |
||